000 01555nam a2200337 i 4500
001 000040133
003 DO-SdBNP
005 20260312084659.0
007 ta
008 130808s2013 dr d r 000 0 spa d
020 _a9789945881677
040 _aDO-SdBNP
_bspa
_cBNPHU
_erda
082 4 _a341.758
_bE82n
_222
245 0 0 _aEstrategia nacional de propiedad intelectual de la República Dominicana 2012 .
264 _aSanto Domingo :
_bONAPI,
_c2013.
300 _a112 páginas :
_bgráficas ;
_c29 cm.
336 _2rdacontent
_atexto
_btxt
337 _2rdamedia
_asin mediación
_bn
338 _2rdacarrier
_avolumen
_bnc
500 _aDocumento elaborado con la cooperación de la Organización Mundial de la Propiedad Intelectual (ONAPI) en el marco del proyecto DA-10-05 de la agenda para el desarrollo, con el compromiso, apoyo y supervisión de la Oficina Nacional de la Propidad Industrial acordado en fecha 15 de abril de 2010
500 _aIncluye referencias bibliográficas y notas al pie de las páginas
504 _aBibliografía : p. 105-106
590 _aInventariado, 2019/BT
650 0 _aPropiedad intelectual
_zRepública Dominicana
_947209
650 7 _aPropiedad industrial
_zRepública Dominicana
_966399
_2LIBRUNAM
650 7 _aDerechos de autor
_zRepública Dominicana
_9551
_2LIBRUNAM
710 2 _aOrganización Mundial de la Propiedad Intelectual
_966400
710 1 _aRepública Dominicana
_bOficina Nacional de la Propiedad Industrial
_957555
910 _aValidado. Control de calidad. MFF
942 _2ddc
_cLBS1
999 _c39623
_d39623